| 000 | 00561nam a22001697a 4500 | ||
|---|---|---|---|
| 020 | _a0003830659 | ||
| 082 |
_a690 _bBAR _cL-14, P-168 |
||
| 100 |
_aBarry, R. _945017 |
||
| 245 |
_aThe construction of buildings _cBarry, R. |
||
| 250 | _a3rd ed. | ||
| 260 |
_aLondon _bEnglish language book society _c1986 c. |
||
| 300 |
_a139 p. _bill. _c28 cm |
||
| 500 | _aV.4. Foundations and substructures, steel frames, concrete, concrete frames, external walls of framed buildings | ||
| 526 |
_a0 _b0 _c0 _d690_000000000000000_BAR |
||
| 650 |
_aMCE _9379 |
||
| 942 |
_2ddc _cBK |
||
| 999 |
_c548629 _d548629 |
||